Pilettovin kadithanggal
| Main Author: | |
|---|---|
| Format: | Book |
| Published: |
Chennai :
Ponggodi Pathippakam ,
2001
|
| Subjects: |
MARC
| LEADER | 00000cam a2200000 7i4500 | ||
|---|---|---|---|
| 001 | 0000146830 | ||
| 005 | 20110107.0 | ||
| 090 | 0 | 0 | |a T |b SAM |
| 100 | 1 | |a Saminatha Sarma, V | |
| 245 | 1 | 0 | |a Pilettovin kadithanggal |c V.Saminatha Sarma |
| 260 | |a Chennai : |b Ponggodi Pathippakam , |c 2001 | ||
| 300 | |a 176p. ; |c 18cm. | ||
| 650 | 0 | 0 | |a Tamil collections |
| 999 | |a 00241850 |b BUKU |c TAMIL COLLECTION |e PERPUSTAKAAN KOMUNITI PETALING JAYA | ||